| 000 | 00764nam a22002177a 4500 | ||
|---|---|---|---|
| 999 |
_c19830 _d19830 |
||
| 003 | AR-CdUCM | ||
| 008 | 190506b ||||| |||| 00| 0 spa d | ||
| 020 | _a9681818318 | ||
| 040 |
_aMUNICIPALIDAD PROVINCIAL DEL CUSCO _cBIBLIOTECA MUNICIPAL DEL CUSCO |
||
| 082 |
_a374.11 / _bSP74 |
||
| 100 |
_aSpence Boocock, Sarane _941463 |
||
| 245 | _aIntroducción a la sociología de la educación / | ||
| 260 |
_aMéxico : _bLimusa, _c1984. |
||
| 300 |
_a479 páginas ; _c25 cm. |
||
| 505 | _aContenido : Sociología de la educación -- Diseño de la investigación educativa -- Posición social de la familia... | ||
| 650 |
_aSociología de la educación _910577 |
||
| 650 |
_aPedagogía _91560 |
||
| 650 |
_aEducación _9460 |
||
| 942 |
_2ddc _cLIBROS |
||
| 945 | _arcc | ||